000 00350pam a2200157a 44500
008 230515b2000 xxu||||| |||| 00| 0 eng d
020 _aNULL
041 _aENGL
082 _a. / HUS
100 _aHUSAIN A.
245 _aELECTRICAL POWER SYSTEMS (C.B.S)
250 _aN.D.
260 _aNULL
_bC.B.S
_c2000
300 _a538 PB
650 _aNULL
999 _c631698
_d631698